| 000 | 00692nam a22001937a 4500 | ||
|---|---|---|---|
| 003 | OSt | ||
| 005 | 20250709161037.0 | ||
| 008 | 250709b |||a|||| |||| 00| 0 spa d | ||
| 020 | _a9789589266373 | ||
| 035 | _a(CO-BoBLA)1157821-57bdlrdc_inst | ||
| 040 |
_aCO-BoBLA _bspa _cCO-BoBLA _dCO-BoBLA _erda |
||
| 041 | 0 | _aspa | |
| 082 | 0 | 4 |
_a336.300 _bC71m1 _223 |
| 110 | 1 |
_aColombia. _bMinisterio de Hacienda y Crédito Público. _97620 |
|
| 245 | 1 | 0 |
_aMarco fiscal de mediano plazo : _bjunio 2007 / _cMinisterio de Hacienda y Crédito Público. |
| 260 |
_aBogotá : _bMinisterio de Hacienda y Crédito Público, _c2007. |
||
| 300 |
_a244 páginas : _bilustraciones ; _c24 cm. |
||
| 942 |
_2ddc _cBK |
||
| 999 |
_c31042 _d17426 |
||